000
00261nam a22001097a 4500
082
_a
671.52 GRA'A
100
_a
GRAHAM, FRANK D
_9
42150
245
_a
AUDELS WELDERS GUIDE QUESTIONS AND ANSWERS
260
_a
NEWYORK
_b
AUDEL
_c
1963
300
_a
489P
942
_c
BK
999
_c
567265
_d
567265